[Event "Foment Martinenc op-C 18th"]
[Site "Barcelona"]
[Date "2016.05.07"]
[Round "3"]
[White "Martinez Oliva, Moises"]
[Black "Medinilla Moya, Dafne"]
[Result "1-0"]
[WhiteElo "1689"]
[BlackElo "1746"]
[PlyCount "135"]
[EventDate "2016.04.23"]
[EventType "swiss"]
[EventRounds "9"]
[EventCountry "ESP"]
[SourceTitle "EXT 2017"]
[Source "ChessBase"]
[SourceDate "2016.10.25"]
[SourceVersion "1"]
[SourceVersionDate "2016.10.25"]
[SourceQuality "1"]

1. d4 d5 2. c4 e6 3. Nc3 Nf6 4. e3 Be7 5. Nf3 0-0 6. Bd3 Nbd7 7. cxd5 Nxd5 8. Nxd5 exd5 9. 0-0 Nf6 10. h3 Qd6 11. Ne5 Nd7 12. f4 f6 13. Nf3 f5 14. Ne5 Nxe5 15. dxe5 Qg6 16. Qf3 Rd8 17. b3 b6 18. Bb2 Bb7 19. Rac1 c5 20. Be2 Rab8 21. Qh5 Qg3 22. Rf3 Qg6 23. Qxg6 hxg6 24. Rff1 d4 25. Bc4+ Kf8 26. exd4 cxd4 27. Rfd1 Be4 28. Bd3 Bh4 29. Ba3+ Ke8 30. Bb5+ Kf7 31. Rc7+ Kg8 32. Bc4+ Kh8 33. Kh2 d3 34. g3 d2 35. Bb4 Rdc8 36. Rxc8+ Rxc8 37. gxh4 a5 38. Bc3 b5 39. Bxb5 Rxc3 40. Rxd2 Rc8 41. e6 Kg8 42. e7 Kf7 43. e8Q+ Rxe8 44. Bxe8+ Kxe8 45. Rd6 Bb1 46. a3 Bc2 47. b4 axb4 48. axb4 Kf7 49. b5 Be4 50. b6 Bf3 51. b7 Bxb7 52. Rd7+ Kf6 53. Rxb7 Ke6 54. Rxg7 Kf6 55. Ra7 Ke6 56. Kg3 Kf6 57. Ra6+ Kg7 58. h5 gxh5 59. Kh4 Kh8 60. Kxh5 Kg7 61. Kg5 Kg8 62. Kg6 Kf8 63. Ra7 Ke8 64. h4 Kf8 65. h5 Ke8 66. h6 Kd8 67. h7 Kc8 68. h8R# 1-0

[Event "Foment Martinenc op-C 17th"]
[Site "Barcelona"]
[Date "2015.05.16"]
[Round "4"]
[White "Martinez Oliva, Moises"]
[Black "Calvo Aceituno, Isaac"]
[Result "1-0"]
[WhiteElo "1713"]
[BlackElo "1847"]
[PlyCount "73"]
[EventDate "2015.04.25"]
[EventType "swiss"]
[EventRounds "9"]
[EventCountry "ESP"]
[SourceTitle "EXT 2017"]
[Source "ChessBase"]
[SourceDate "2016.10.25"]
[SourceVersion "1"]
[SourceVersionDate "2016.10.25"]
[SourceQuality "1"]

1. d4 d5 2. c4 e6 3. Nf3 Nf6 4. Nc3 Nc6 5. e3 Bb4 6. a3 Bxc3+ 7. bxc3 Ne4 8. Bb2 Bd7 9. Be2 Na5 10. cxd5 exd5 11. 0-0 0-0 12. Ne5 Nf6 13. c4 Bc6 14. cxd5 Qxd5 15. Bf3 Qe6 16. Bxc6 Nxc6 17. Qd2 Rad8 18. Nf3 Ng4 19. h3 Nge5 20. Nxe5 Nxe5 21. Qb4 Nc4 22. Bc3 b6 23. Rfc1 a5 24. Qb1 Qd6 25. Qc2 Nxa3 26. Qd3 c5 27. Bb2 c4 28. Qxa3 Qc6 29. Bc3 Qd6 30. Qxd6 Rxd6 31. Rcb1 Ra8 32. f4 a4 33. Rb4 Re6 34. Kf2 a3 35. Rxc4 a2 36. Rb4 Ra3 37. Bd2 1-0

[Event "Barcelona Catalunya op 26th"]
[Site "Barcelona"]
[Date "2014.11.08"]
[Round "6"]
[White "Martinez Oliva, Moises"]
[Black "Benavides Castellano, Nitai"]
[Result "1-0"]
[WhiteElo "1700"]
[BlackElo "1728"]
[PlyCount "65"]
[EventDate "2014.09.27"]
[EventType "swiss"]
[EventRounds "9"]
[EventCountry "ESP"]
[SourceTitle "EXT 2017"]
[Source "ChessBase"]
[SourceDate "2016.10.25"]
[SourceVersion "1"]
[SourceVersionDate "2016.10.25"]
[SourceQuality "1"]

1. e4 e5 2. Nf3 Bc5 3. d3 Nf6 4. Bg5 h6 5. Bh4 g5 6. Bg3 Ng4 7. Nxe5 Nxf2 8. Bxf2 d6 9. Bxc5 dxe5 10. Nc3 Nd7 11. Bb4 a5 12. Ba3 Ra6 13. Be2 Qf6 14. Nd5 Qg7 15. Nxc7+ Kd8 16. Nxa6 bxa6 17. 0-0 Nf6 18. Bd6 Re8 19. Qd2 Kd7 20. Ba3 Re6 21. d4 exd4 22. Qxd4+ Kc6 23. Bf3 Qg6 24. e5+ Kc7 25. exf6 Qxc2 26. Rac1 Qc6 27. Bxc6 Rxc6 28. Rxc6+ Kxc6 29. Rc1+ Kb7 30. Qd5+ Kb8 31. Bd6+ Ka7 32. Rc7+ Kb6 33. Qc6# 1-0

[Event "Barcelona Catalunya op 26th"]
[Site "Barcelona"]
[Date "2014.10.04"]
[Round "2"]
[White "Martinez Arranz, Nagore"]
[Black "Martinez Oliva, Moises"]
[Result "1-0"]
[WhiteElo "1810"]
[BlackElo "1700"]
[PlyCount "117"]
[EventDate "2014.09.27"]
[EventType "swiss"]
[EventRounds "9"]
[EventCountry "ESP"]
[SourceTitle "EXT 2017"]
[Source "ChessBase"]
[SourceDate "2016.10.25"]
[SourceVersion "1"]
[SourceVersionDate "2016.10.25"]
[SourceQuality "1"]

1. e4 d5 2. exd5 Qxd5 3. Nc3 Qa5 4. d4 Nf6 5. Bd2 c6 6. Nf3 Bf5 7. Bc4 e6 8. 0-0 Bd6 9. Nb5 Bb4 10. Bxb4 Qxb4 11. Na3 0-0 12. c3 Qxb2 13. Qc1 Qxc1 14. Raxc1 Nbd7 15. Nh4 Be4 16. f3 Bd5 17. Bd3 g5 18. c4 gxh4 19. Rb1 Bxc4 20. Bxc4 b5 21. Bd3 Nb6 22. Kh1 Kh8 23. f4 Rad8 24. Rbd1 Nbd5 25. Rf3 a5 26. Rdf1 Nc3 27. Bxh7 Ncd5 28. Bc2 Rg8 29. Rh3 Kg7 30. Rxh4 Ne3 31. Rf3 Nf5 32. Bxf5 Rxd4 33. Bc2 Rgd8 34. Rg3+ Kf8 35. Rh8+ Ke7 36. Rxd8 Rxd8 37. Rc3 Kd6 38. Rd3+ Kc7 39. Rxd8 Kxd8 40. Bd1 b4 41. Nc4 c5 42. h4 Nd5 43. h5 Nxf4 44. h6 Ng6 45. Bc2 Nf8 46. Ne5 Ke7 47. g4 a4 48. g5 b3 49. axb3 a3 50. Bb1 f6 51. gxf6+ Kxf6 52. Nd7+ Kf7 53. Nxc5 Kf6 54. b4 Kg5 55. h7 e5 56. b5 Kf4 57. b6 a2 58. Bxa2 e4 59. Nxe4 1-0

[Event "Llinars del Valles op-B 8th"]
[Site "Llinars del Valles"]
[Date "2014.05.10"]
[Round "3"]
[White "Martinez Oliva, Moises"]
[Black "Vicente Perales, Manel"]
[Result "0-1"]
[WhiteElo "1700"]
[BlackElo "1757"]
[PlyCount "123"]
[EventDate "2014.04.26"]
[EventType "swiss"]
[EventRounds "8"]
[EventCountry "ESP"]
[SourceTitle "EXT 2015"]
[Source "ChessBase"]
[SourceDate "2014.11.20"]
[SourceVersion "1"]
[SourceVersionDate "2014.11.20"]
[SourceQuality "1"]

1. e4 e6 2. d4 d5 3. e5 c5 4. c3 Qb6 5. Nf3 Nc6 6. g3 cxd4 7. cxd4 f6 8. exf6 Nxf6 9. Bg2 Bd6 10. 0-0 0-0 11. a3 Bd7 12. b4 a6 13. Bb2 a5 14. Bc3 axb4 15. axb4 Nxb4 16. Rxa8 Rxa8 17. Ne5 Bc8 18. Bxb4 Qxb4 19. Qd3 Ra4 20. Nf3 Bd7 21. Qc3 Qxc3 22. Nxc3 Rc4 23. Ne2 b5 24. Ne5 Bxe5 25. dxe5 Ng4 26. f4 Ne3 27. Rb1 Nxg2 28. Kxg2 Rc2 29. Kf3 Kf7 30. h4 Rc4 31. Ke3 b4 32. Nd4 h6 33. Kd3 Rc3+ 34. Ke2 Rxg3 35. Rxb4 Rg4 36. Rb7 Ke8 37. Rb8+ Ke7 38. Rb7 Rxf4 39. Nc6+ Ke8 40. Rb8+ Kf7 41. Rb7 Ke8 42. Rb8+ Bc8 43. Rxc8+ Kd7 44. Na7 Re4+ 45. Kd3 Rxe5 46. Rg8 g5 47. Rg7+ Ke8 48. Nc6 Kf8 49. Nxe5 Kxg7 50. hxg5 hxg5 51. Ng4 Kg6 52. Kd4 Kf5 53. Nh6+ Kf4 54. Nf7 g4 55. Kd3 g3 56. Ke2 e5 57. Nxe5 Kxe5 58. Kf3 d4 59. Kxg3 Ke4 60. Kf2 d3 61. Ke1 Ke3 62. Kd1 0-1

[Event "Llinars del Valles op-B 8th"]
[Site "Llinars del Valles"]
[Date "2014.05.03"]
[Round "2"]
[White "Rius Riu, Gerard"]
[Black "Martinez Oliva, Moises"]
[Result "1-0"]
[WhiteElo "1789"]
[BlackElo "1700"]
[PlyCount "75"]
[EventDate "2014.04.26"]
[EventType "swiss"]
[EventRounds "8"]
[EventCountry "ESP"]
[SourceTitle "EXT 2015"]
[Source "ChessBase"]
[SourceDate "2014.11.20"]
[SourceVersion "1"]
[SourceVersionDate "2014.11.20"]
[SourceQuality "1"]

1. d4 d5 2. Nf3 e6 3. e3 Nf6 4. c4 c6 5. Nbd2 Bb4 6. Bd3 0-0 7. 0-0 Nbd7 8. a3 Bxd2 9. Nxd2 dxc4 10. Bxc4 b5 11. Be2 Bb7 12. b4 Nd5 13. Bb2 N7f6 14. e4 Nf4 15. Rc1 Nxe2+ 16. Qxe2 a6 17. e5 Nd5 18. Ne4 f5 19. Nd6 Qd7 20. f4 a5 21. Bc3 Nxc3 22. Rxc3 axb4 23. axb4 Ra4 24. Rb1 Rfa8 25. Qd1 Ra2 26. Rc2 g6 27. Rxa2 Rxa2 28. Nxb7 Qxb7 29. Qb3 Rd2 30. Qxe6+ Qf7 31. Qxc6 Rxd4 32. Qxb5 Rxf4 33. Qb8+ Kg7 34. e6 Qxe6 35. Qxf4 Qa2 36. Rc1 Qa7+ 37. Kh1 Qb6 38. Qc7+ 1-0